00221nam a2200085Ia 4500008004100000100002800041245003200069260002500101300000900126190216s9999||||xx |||||||||||||| ||und|| aMital P B & Handa M 0aGate Electrical Engineering bSatya Prakasanc1997 a613p